[Event "Titled Tuesday intern op 11th Feb Early"]
[Site "Chess.com INT"]
[Date "2025.02.11"]
[Round "8"]
[White "Mizzi, Jack"]
[Black "Domin, Yan"]
[Result "1-0"]
[WhiteElo "2093"]
[BlackElo "2230"]
[PlyCount "147"]
[EventDate "2025.02.11"]
[EventType "swiss (blitz)"]
[EventRounds "11"]
[EventCountry "USA"]
[SourceTitle "CB08_2025"]
[SourceDate "2025.02.19"]
[SourceVersion "1"]
[SourceVersionDate "2025.02.19"]
[SourceQuality "1"]

1. d4 Nf6 2. c4 g6 3. Nf3 Bg7 4. g3 0-0 5. Bg2 d6 6. 0-0 c6 7. Nc3 Bf5 8. Qb3 Qb6 9. Qxb6 axb6 10. Nd2 e5 11. d5 Na6 12. dxc6 bxc6 13. Bxc6 Rab8 14. a3 Rfc8 15. Bg2 Be6 16. Nd5 Nxd5 17. cxd5 Bf5 18. e4 Bd7 19. b4 Rc2 20. Re1 Nc7 21. Bf1 Bb5 22. a4 Bxf1 23. Nxf1 Na6 24. Ne3 Rc3 25. Rb1 Bh6 26. Kf1 Bxe3 27. Rxe3 Rc4 28. Bd2 b5 29. axb5 Rxb5 30. f3 Rc2 31. Ke1 Nb8 32. Rc3 Ra2 33. Bh6 f6 34. Rc8+ Kf7 35. Rc7+ Ke8 36. Bd2 Nd7 37. Rbc1 Ra8 38. Rc8+ Rxc8 39. Rxc8+ Ke7 40. Rh8 h5 41. Rh7+ Kd8 42. Ke2 Rb7 43. Rh8+ Ke7 44. Kd3 Ra7 45. Rh7+ Kd8 46. Rh8+ Ke7 47. Rc8 Ra2 48. Rc2 Ra3+ 49. Bc3 Nb6 50. Rc1 Na4 51. Kc4 Ra2 52. Kb3 Nxc3 53. Rxc3 Rxh2 54. b5 Rh1 55. Kb2 Rh2+ 56. Ka3 Rh1 57. Rc7+ Kd8 58. Rg7 g5 59. Kb4 h4 60. gxh4 gxh4 61. Ka5 h3 62. Kb6 h2 63. Rh7 Kc8 64. Rh8+ Kd7 65. Kb7 Ke7 66. b6 Kd7 67. Kb8 Ke7 68. b7 Kd7 69. Rh7+ Kd8 70. Rh8+ Kd7 71. Rh6 Kd8 72. Rh7 f5 73. exf5 Ke8 74. Kc7 1-0

[Event "UKR-ch U20"]
[Site "Lvov"]
[Date "2025.02.09"]
[Round "9"]
[White "Domin, Yan"]
[Black "Frankiv, Oleksandr"]
[Result "1-0"]
[WhiteElo "2230"]
[BlackElo "1849"]
[PlyCount "127"]
[EventDate "2025.02.03"]
[EventType "swiss"]
[EventRounds "9"]
[EventCountry "UKR"]
[SourceTitle "CB07_2025"]
[SourceDate "2025.02.12"]
[SourceVersion "1"]
[SourceVersionDate "2025.02.12"]
[SourceQuality "1"]

1. e4 e5 2. Nf3 Nc6 3. Bb5 a6 4. Ba4 Nf6 5. d3 Bc5 6. c3 b5 7. Bb3 d6 8. 0-0 0-0 9. Bg5 h6 10. Bh4 g5 11. Bg3 Bg4 12. h3 Bh5 13. Nbd2 Qd7 14. Re1 g4 15. hxg4 Qxg4 16. Nf1 Kh7 17. Ne3 Bxe3 18. Rxe3 Ne7 19. d4 Ng6 20. dxe5 Nxe4 21. Bh2 Rae8 22. Qd4 Ng5 23. Nxg5+ hxg5 24. Re4 Nf4 25. Bxf4 gxf4 26. Rxf4 dxe5 27. Rxg4 exd4 28. Rh4 dxc3 29. Rxh5+ Kg6 30. Rc5 cxb2 31. Rb1 Re2 32. Bc2+ Kg7 33. Rxb2 Rd8 34. Rb3 Rdd2 35. Rg3+ Kf8 36. Bh7 Rd7 37. a3 Ke7 38. Rgc3 Kd8 39. Bf5 Rd1+ 40. Kh2 Rxf2 41. Bh3 Ke7 42. Rxc7+ Kf8 43. Rc8+ Kg7 44. R8c6 Ra1 45. Rg3+ Kf8 46. Rxa6 b4 47. Ra8+ Ke7 48. Ra7+ Kf6 49. Ra6+ Ke7 50. Rb3 bxa3 51. Raxa3 Rc1 52. Rf3 Rxf3 53. Rxf3 f6 54. Kg3 Kf7 55. Bf5 Rc5 56. Kg4 Ra5 57. Rf4 Ra2 58. g3 Kg7 59. Rd4 Kh6 60. Be4 Ra5 61. Rd5 Ra3 62. Rh5+ Kg7 63. Kf4 Ra5 64. Kg4 1-0

[Event "Titled Tuesday intern op 14th Jan Early"]
[Site "Chess.com INT"]
[Date "2025.01.14"]
[Round "2"]
[White "De Souza, Carlos Henrique"]
[Black "Domin, Yan"]
[Result "0-1"]
[WhiteElo "2232"]
[BlackElo "2270"]
[PlyCount "42"]
[EventDate "2025.01.14"]
[EventType "swiss (blitz)"]
[EventRounds "11"]
[EventCountry "USA"]
[SourceTitle "CB04_2025"]
[SourceDate "2025.01.22"]
[SourceVersion "1"]
[SourceVersionDate "2025.01.22"]
[SourceQuality "1"]

1. d4 Nf6 2. Nf3 g6 3. Bf4 Bg7 4. e3 c5 5. h3 Qb6 6. Nc3 0-0 7. a3 d6 8. Na4 Qa5+ 9. c3 Bd7 10. b3 Bxa4 11. bxa4 Qxc3+ 12. Nd2 Ne4 13. Rc1 Qxd2+ 14. Qxd2 Nxd2 15. Kxd2 cxd4 16. Rc7 Nc6 17. Rxb7 Rab8 18. Ba6 Rxb7 19. Bxb7 Na5 20. Bf3 Rb8 21. Rc1 Nb3+ 0-1

[Event "Titled Tuesday intern op 14th Jan Early"]
[Site "Chess.com INT"]
[Date "2025.01.14"]
[Round "11"]
[White "Domin, Yan"]
[Black "Gokerkan, Cem Kaan"]
[Result "0-1"]
[WhiteElo "2270"]
[BlackElo "2473"]
[PlyCount "86"]
[EventDate "2025.01.14"]
[EventType "swiss (blitz)"]
[EventRounds "11"]
[EventCountry "USA"]
[SourceTitle "CB04_2025"]
[SourceDate "2025.01.22"]
[SourceVersion "1"]
[SourceVersionDate "2025.01.22"]
[SourceQuality "1"]

1. e4 c5 2. Nf3 d6 3. d4 cxd4 4. Nxd4 Nf6 5. Nc3 e5 6. Nb3 Be7 7. h3 0-0 8. Be3 Be6 9. Qf3 a5 10. a4 Nc6 11. 0-0-0 Nb4 12. g4 Rc8 13. g5 Nd7 14. Kb1 Rxc3 15. bxc3 Na6 16. Bb5 Qc7 17. h4 Qxc3 18. Rd3 Qc7 19. Rc1 Nb4 20. Rdd1 Qc3 21. Qe2 Rc8 22. Bd2 Qh3 23. Rh1 Qg4 24. f3 Qh5 25. Nxa5 Nc6 26. Nxb7 Nd4 27. Qd3 Rb8 28. Na5 Nc5 29. Qf1 Nxa4 30. c4 Nxf3 31. Bb4 Qg4 32. Qe2 Nc5 33. Nc6 Rb7 34. Nxe7+ Rxe7 35. Bxc5 dxc5 36. Rhd1 g6 37. Rd8+ Kg7 38. Qe3 Qxh4 39. Qxc5 Qxg5 40. Qf2 Nd4 41. Kb2 Nxb5 42. cxb5 Rb7 43. Rc5 Qxd8 0-1